Kader Hamburger SV - Statistiken

Allgemein
  • Dieses Quiz wurde 485 mal gespielt
    321 seit der letzten Aktualisierung
  • Das Durchschnittsergebnis liegt bei 20 aus 33
Antwortstatistiken
# Spieler % Korrekt
1 Daniel Heuer Fernandes
96%
9 Robert Glatzel
96%
18 Bakery Jatta
90%
4 Sebastian Schonlau
87%
14 Ludovit Reis
85%
11 Ransford-Yeboah Königsdörffer
85%
27 Jean-Luc Dompé
83%
28 Miro Muheim
80%
12 Tom Mickel
79%
23 Jonas Meffert
77%
8 László Bénes
76%
3 Moritz Heyer
73%
10 Immanuel Pherai
71%
19 Matheo Raab
71%
Tim Walter
71%
13 Guilherme Ramos
60%
35 Stephan Ambrosius
58%
2 William Mikelbrencis
55%
5 Dennis Hadzikadunic
54%
22 Ignace Van der Brempt
51%
21 Levin Öztunali
50%
44 Mario Vuskovic
50%
20 András Németh
49%
36 Anssi Suhonen
48%
46 Elijah Krahn
46%
34 Jonas David
46%
45 Tom Sanne
44%
47 Nicolas Oliveira
34%
41 Omar Megeed
34%
37 Valon Zumberi
25%
42 Ogechika Heil
14%
16 Marko Johansson
13%
43 Bent Andresen
9%
Keine übereinstimmenden Quizze gefunden
Verteilung der Resultate
Anzahl Personen mit jedem Resultat
Perzentil nach korrekt beantworteten Fragen
Ihre Resultats-Entwicklung
Sie haben dieses Quiz seit der letzten Aktualisierung nicht gespielt